| 000 -ლიდერი |
| ფიქსირებული სიგრძის საკონტროლო ველი |
01637nam a22002297a 4500 |
| 003 - საკონტროლო ნომრის იდენტიფიკატორი |
| საკონტროლო ველი |
Ge_BSU |
| 005 - ბოლო ოპერაციის თარიღი და დრო |
| საკონტროლო ველი |
20250311113115.0 |
| 008 - ფიქსირებული სიგრძის მონაცემთა ელემენტები - ზოგადი ინფორმაცია |
| ფიქსირებული სიგრძის საკონტროლო ველი |
250311s1962 ge ||||| |||| 00| 0 geo d |
| 041 ## - ენის კოდი |
| Language code of text/sound track or separate title |
geo |
| 080 ## - უნივერსალური ათობითი კლასიფიკაციის ინდექსი |
| Universal Decimal Classification number |
616.12-008.331.1(479.22) ჯ-14 |
| 100 ## - მთავარი ჩანაწერი - პიროვნების სახელი |
| Personal name |
ჯავახიშვილი, ი. |
| 9 (RLIN) |
24508 |
| 245 ## - ცნობა სათაურის შესახებ |
| Title |
ჰიპერტონიული სნეულების პრობლემა საქართველოში / |
| Statement of responsibility, etc |
ი. ჯავახიშვილი; საქ. სსრ მეცნ. აკად., მ. წინამძღვრიშვილის სახ. კლინიკური და ექსპერიმენტული კარდიოლოგიის ინ-ტი. |
| 264 ## - წარმოების, გამოცემის, დისტრიბუციის და სხვა ცნობები |
| გამოცემის, წარმოების, დისტრიბუციის... ადგილი |
თბილისი : |
| გამოცემის, წარმოების, დისტრიბუციის... სახელწოდება |
საქ. სსრ. მეცნ. აკად. გამ-ბა და სტ., |
| გამოცემის, წარმოების, დისტრიბუციის... თარიღი |
1962. |
| 300 ## - ფიზიკური აღწერა |
| Extent |
320 გვ. : |
| Other physical details |
ილ. ; |
| Dimensions |
21 სმ |
| 500 ## - ზოგადი შენიშვნა |
| General note |
პარალელური თავფურცელი რუსულ ენაზე. |
| 504 ## - BIBLIOGRAPHY, ETC. NOTE |
| Bibliography, etc |
ბიბლიოგრაფია: გვ. 200-218. |
| 653 ## - INDEX TERM--UNCONTROLLED |
| Uncontrolled term |
ჰირერტონია საქართველოში |
| 653 ## - INDEX TERM--UNCONTROLLED |
| Uncontrolled term |
მედიცინა |
| 653 ## - INDEX TERM--UNCONTROLLED |
| Uncontrolled term |
კარდიოლოგია |
| 710 ## - ADDED ENTRY--CORPORATE NAME |
| Corporate name or jurisdiction name as entry element |
საქართველოს სსრ მეცნიერებათა აკადემია. მ. წინამძღვრიშვილის სახ. კლინიკური და ექსპერიმენტული კარდიოლოგიის ინსტიტუტი. |
| 9 (RLIN) |
24509 |
| 942 ## - ADDED ENTRY ELEMENTS (KOHA) |
| Source of classification or shelving scheme |
|
| Koha item type |
წიგნი |